000 01408cam a22003857a 4500
003 CHAP
005 20240905175217.0
008 041206d2004 mx a r 00110 spa d
010 _a89157
011 _a90129
035 _a100685
040 _cCHAP
090 _aTesis
100 0 0 _aCamacho Morales, Evaristo.
_917695
245 1 0 _aFormulación y evaluación de proyecto :
_bdiseño y tecnificación de módulo de producción acuícola
_c/por Evaristo Camacho Morales
260 _aChapingo, Méx. :
_bEl autor,
_c2004.
300 _a175 h. :
_bilus. ; gráfs. ; cuadros ; anexo
502 _aTesis (Ing. Mécanico Agrícola) - - UACH. Departamento de Ingeniería Mecánica Agrícola
590 _aALEPH
_b10
_c20130110
_lUCH01
_h1501
590 _aBATCH-UPD
_b10
_c20130110
_lUCH01
_h0412
590 _aBATCH-UPD
_b10
_c20130110
_lUCH01
_h1958
590 _aBATCH-UPD
_b10
_c20130410
_lUCH01
_h0046
590 _aBATCH-UPD
_b10
_c20130913
_lUCH01
_h1923
590 _aCONVERSION
_b10
_c20130109
_lUCH01
_h1349
650 1 7 _aAcuicultura
_zMéxico
_2
_9775
650 1 4 _aAcuicultura
_xProyectos.
_9778
650 1 4 _aBagre.
_99407
650 1 4 _aEstanques piscícolas.
_938273
650 1 4 _aProyectos
_xEvaluación.
_992525
901 _aBK
905 _aLilia
942 _cFOLL
949 _aTesis
_bBC
_cTES
_d100685
_eTS1
_h43027
_i100685
_sb
949 _aTesis
_bBC
_cTES
_d33724000931259
_eTS2
_fc.2
_h43028
_i100685
_si
999 _c89157
_d89157